Statistics for Largest Countries and Empires by GDP (Early 20th Century)

Click here to take the quiz!

General Stats

  • This quiz has been taken 42 times
  • The average score is 43 of 45

Answer Stats

1900% Correct
1British EmpireWestern Europe
100%
2British EmpireWestern Europe
100%
2British EmpireWestern Europe
100%
5ChinaEast Asia
100%
3ChinaEast Asia
100%
6Empire of JapanEast Asia
100%
8Empire of JapanEast Asia
100%
8Empire of JapanEast Asia
100%
7FranceWestern Europe
100%
6FranceWestern Europe
100%
6FranceWestern Europe
100%
8Kingdom of ItalySouthern Europe
100%
7Kingdom of ItalySouthern Europe
100%
7Kingdom of ItalySouthern Europe
100%
3Qing ChinaEast Asia
100%
11SpainSouthern Europe
100%
11SpainSouthern Europe
100%
2United StatesNorthern America
100%
1United StatesNorthern America
100%
1United StatesNorthern America
100%
11ArgentinaSouth America
97%
13ArgentinaSouth America
97%
15BrazilSouth America
97%
4German EmpireCentral Europe
97%
4German EmpireCentral Europe
97%
14MexicoCentral America
97%
4Nazi GermanyCentral Europe
97%
10NetherlandsWestern Europe
97%
9NetherlandsWestern Europe
97%
10NetherlandsWestern Europe
97%
5Russian EmpireEastern Europe
97%
5Russian EmpireEastern Europe
97%
15Sweden-NorwayNorthern Europe
97%
13BelgiumWestern Europe
94%
12BelgiumWestern Europe
94%
12BelgiumWestern Europe
94%
12CanadaNorthern America
94%
10PolandEastern Europe
94%
3Soviet UnionEastern Europe
91%
9Austria-HungaryCentral Europe
89%
9Austria-HungaryCentral Europe
89%
15SwitzerlandCentral Europe
89%
13Ottoman EmpireWest Asia
86%
14Ottoman EmpireWest Asia
86%
14CzechoslovakiaCentral Europe
80%

Score Distribution

Percentile by Number Answered

Percent of People with Each Score

Your Score History

You have not taken this quiz